<?xml version="1.0" encoding="UTF-8"?>
<collection xmlns="http://www.loc.gov/MARC21/slim">
 <record>
  <leader>02010nam a2200229 a 4500</leader>
  <controlfield tag="001">TVCDKTCT4411</controlfield>
  <controlfield tag="003">Thư viện trường Cao đẳng Kỹ thuật Cao Thắng</controlfield>
  <controlfield tag="005">20051223000000</controlfield>
  <controlfield tag="008">051223</controlfield>
  <datafield tag="980" ind1="\" ind2="\">
   <subfield code="a">Thư viện Trường CĐ Kỹ Thuật Cao Thắng</subfield>
  </datafield>
  <datafield tag="024" ind1=" " ind2=" ">
   <subfield code="a">RG_1 #1 eb0 i1</subfield>
  </datafield>
  <datafield tag="041" ind1="0" ind2="#">
   <subfield code="a">vie</subfield>
  </datafield>
  <datafield tag="082" ind1="#" ind2="#">
   <subfield code="a">920.71 / </subfield>
   <subfield code="b">H531T-h</subfield>
  </datafield>
  <datafield tag="100" ind1="1" ind2="#">
   <subfield code="a">Huỳnh Văn Tiểng</subfield>
  </datafield>
  <datafield tag="245" ind1="0" ind2="0">
   <subfield code="a">Huỳnh  Tấn Phát cuộc đời và sự nghiệp. /</subfield>
   <subfield code="c">Huỳnh Văn Tiểng, ...[et al.]</subfield>
  </datafield>
  <datafield tag="260" ind1="#" ind2="#">
   <subfield code="a">H. :</subfield>
   <subfield code="b">Nhà xuất bản Chính trị Quốc Gia ,</subfield>
   <subfield code="c">2003</subfield>
  </datafield>
  <datafield tag="300" ind1="#" ind2="#">
   <subfield code="a">656tr. ;</subfield>
   <subfield code="c">22cm</subfield>
  </datafield>
  <datafield tag="520" ind1="#" ind2="#">
   <subfield code="a">Trong sự nghiệp cách mạng vẻ vang của dân tộc ta, đội ngũ trí thức nước nhà đã đóng góp một phần quan trọng. trải qua các cuộc kháng chiến, nhiều trí thức yêu nước đã sớm đến với cách mạng, hiến dâng cả tuổi thanh xuân cho sự nghiệp giải phóng dân tộc, thống nhất đất nước, trong đó có kiến trúc sư  Huỳnh Tấn Phát , mãi mãi là hình ảnh tiêu biểu cho cách mạng nước ta trong suốt những năm tháng đầy cam go , thử thách . Kiến trúc sư Hùynh Tấn Phát đã hiến dâng trọn cuộc đời cho lý tưởng cao đẹp của Đảng, của nhân dân, cho phong trào cách mạng cả nước nói chung, đặc biệt phong trào cách mạng  sôi nổi, hào hùng của sài gòn-Chợ lớn nói riêng- nơi biết bao đồng bào chiến sĩ đã hy sinh vìđộc lập tự do của dân tộc, góp phần xây nên tượng đài miền nam thành đồng của Tổ quốc.</subfield>
  </datafield>
  <datafield tag="650" ind1="#" ind2="4">
   <subfield code="a">Huỳnh Tấn Phát</subfield>
  </datafield>
  <datafield tag="700" ind1="0" ind2="#">
   <subfield code="a">Nguyễn Khắc Cần</subfield>
  </datafield>
  <datafield tag="700" ind1="0" ind2="#">
   <subfield code="a">Trần Cửu Kiến</subfield>
  </datafield>
  <datafield tag="700" ind1="0" ind2="#">
   <subfield code="a">Trần Bạch Đằng</subfield>
  </datafield>
 </record>
</collection>
